| 000 | 01137nam a2200229Ia 4500 | ||
|---|---|---|---|
| 003 | Ost | ||
| 005 | 20260507075353.0 | ||
| 008 | 260507s9999||||xx |||||||||||||| ||und|| | ||
| 020 | _a52494389779 | ||
| 040 | _cfsecg | ||
| 041 | _aara | ||
| 082 | _a330 | ||
| 100 |
_aنبيه، نسرين عبد الحميد _eمؤلف |
||
| 245 | 0 |
_aالإنفتاح الإقتصادي العالمي / _c نسرين عبد الحميد نبيه |
|
| 260 |
_aالإسكندرية: _bالمكتب الجامعي الحديث, _c2012 |
||
| 300 |
_a423 صفحة؛ _bإيضاحات ؛ _c24 سم |
||
| 520 | _aالعولمة- ماهية العولمة- المفاهيم المتعددة للعولمة- انعكاسات العولمة على الوطن العربي- جغرافية الجوع في العالم- العلاقات الدولية في ظل العولمة- العولمة وحقوق الإنسان والديمقراطية- انعكاسات العولمة والتجارة الخارجية | ||
| 653 | _aالإقتصاد العالمي | ||
| 653 | _aالإنفتاح الإقتصادي | ||
| 653 | _aالعولمة | ||
| 942 | _cكتاب | ||
| 999 |
_c44164 _d44164 |
||